000 00532nam a22001577a 4500
005 20180721173615.0
020 _a8177080865
_c870.00
035 _aB-219834, B-219833
037 _aDPL
_bENG
245 _aRural transformation in India :
_bThe impact of globalisation /
_cedited by A. Vinayak Reddy and G. Bhaskar
260 _aNew Delhi
_bNew Century Publications
_c2005
300 _axviii, 397p.
_c20 cms.
700 _aReddy, A. Vinayak
_947447
700 _aBhaskar, G.
_947448
942 _2ddc
_cEN
_h338.15
_mRUR
999 _c66899
_d66899